Państwa Słowiańskie - Statystyki

Ogólne statystyki
  • Ten quiz został rozwiązany 178 razy
  • Średni wynik to 11 z 13
Statystyki odpowiedzi
Kraj % Poprawnych
Słowacja
99%
Czechy
98%
Polska
98%
Rosja
96%
Ukraina
96%
Białoruś
91%
Słowenia
91%
Chorwacja
86%
Serbia
84%
Bośnia i Hercegowina
79%
Czarnogóra
78%
Macedonia
73%
Bułgaria
69%
Nie znaleziono quizów pasujących do podanych kryteriów
Rozkład punktacji
Procent ludzi z każdym wynikiem
Percentyl według liczby udzielonych odpowiedzi
Twoja historia wyników
Nie rozwiązałeś tego quizu